Normal view
MARC view
- Medios masivos de comunicación y juventud
Entry Materia
001 - NÚMERO DE CONTROL DEL REGISTRO
- campo de control: 22508
003 - IDENTIFICADOR DE NUMERO DE CONTROL
- campo de control: MX-MxUPN
005 - FECHA Y HORA DE LA ÚLTIMA TRANSACCIÓN
- campo de control: 20250603105941.0
008 - DATOS DE LONGITUD FIJA
- campo de control de longitud fija: 250603nn annnnaabn b ana |d
035 ## - NÚMERO DE CONTROL DEL SISTEMA
- Número de control del sistema: UPN10000022517
040 ## - FUENTE DE LA CATALOGACIÓN
- Centro catalogador de origen: MX-MxUPN
- Lengua de catalogación: spa
053 #4 - NÚMERO CLASIFICADOR - BIBLIOTECA DEL CONGRESO (LC)
- Elemento numérico de la clasificación - Número único o no. inicial del rango: HQ799.2 M3.5
150 ## - ENCABEZAMIENTO - TEMÁTICO
- Término de materia o nombre geográfico como elemento inicial: Medios masivos de comunicación y juventud
670 ## - FUENTE EN LA QUE SE LOCALIZARON DATOS
- Cita de la fuente: Autoridades LC, 3 junio 2025 :
- Información localizada: (Mass media and youth)
- Identificador Uniforme del Recurso: https://lccn.loc.gov/sh85081893
902 ## - CATALOGADOR
- Catalogador: MMA/190114
- Catalogador: VíctorGodínez/030625
